000 00478nam a22001817a 4500
003 CEME
005 20210628202015.0
008 210223b xxu||||| |||| 00| 0 eng d
020 _a0-07-219300-X
040 _c.
082 _a005.44 SIM
100 _aSimmons, Curt
_957837
245 _aHow to do everything with windows xp
260 _aNEW YORK
_bMCGRAW HILL
_c2001
300 _aXXIII,518P
650 _aWINDOWS XP OPERATING SYSTEM-WINDOWS XP
_957838
942 _cBK
_2ddc
999 _c568088
_d568088